LIBRARY & INFORMATION CENTRE, KCAET, TAVANUR

ONLINE PUBLIC ACCESS CATALOGUE (OPAC)

Development of Agriculture in The Era of Climate Change (Record no. 14177)

MARC details
000 -LEADER
fixed length control field 00351nam a22001337a 4500
020 ## - INTERNATIONAL STANDARD BOOK NUMBER
ISBN 9789350300879
082 ## - DEWEY DECIMAL CLASSIFICATION NUMBER
Classification number 551.253
Item number RAS/DE
100 ## - MAIN ENTRY--AUTHOR NAME
Personal name Rasure, K A
245 ## - TITLE STATEMENT
Title Development of Agriculture in The Era of Climate Change
260 ## - PUBLICATION, DISTRIBUTION, ETC. (IMPRINT)
Place of publication Jaipur
Name of publisher Oxford Book Company
Year of publication 2012
300 ## - PHYSICAL DESCRIPTION
Number of Pages 324
650 ## - SUBJECT ADDED ENTRY--TOPICAL TERM
Topical Term Climate Change
942 ## - ADDED ENTRY ELEMENTS (KOHA)
Koha item type Books

No items available.

free website counter